00278 a2200109 4500001000700000020000600007040001100013100002600024240005700050245005200107362000900159166180 a  cMagnum aPillar, Analice Dutra10aDesenho e construcao de conhecimento na criancalpor10aDesenho e construcao de conhecimento na crianca0 a1899